Weather modification : prospects and problems /

Bibliographic Details
Main Author: Breuer, Georg
Format: Book
Language:English
German
Published: Cambridge ; New York : Cambridge University Press, 1979.
Subjects:

MARC

Tag First Indicator Second Indicator Subfields
LEADER 00000pam a2200000 i 4500
001 in00000042622
005 20151007074805.0
008 781027s1979 enka b 00110 eng
010 |a  78073236  
020 |a 0521224535 :  |c $12.00 
020 |a 0521295777 (pbk.) :  |c $4.00 
035 |a (OCoLC)04492307 
035 |9 AAF2101AM 
040 |a DLC  |c DLC  |d TXA  |d UtOrBLW 
041 1 |a eng  |a ger 
049 |a TXAM  |c [981453] 
050 0 0 |a QC928  |b .B7313 
082 0 |a 551.6/8 
100 1 |a Breuer, Georg. 
240 1 0 |a Wetter nach Wunsch? English 
245 1 0 |a Weather modification :  |b prospects and problems /  |c Georg Breuer ; translated by Hans Morth. 
264 1 |a Cambridge ;  |a New York :  |b Cambridge University Press,  |c 1979. 
300 |a xiii, 178 pages :  |b illustrations ;  |c 23 cm. 
336 |a text  |b txt  |2 rdacontent 
337 |a unmediated  |b n  |2 rdamedia 
338 |a volume  |b nc  |2 rdacarrier 
500 |a Translation of Wetter nach Wunsch? 
504 |a Includes bibliographical references and indexes. 
650 0 |a Weather control. 
999 |a MARS 
999 f f |s 013b54d2-bff3-39b3-a390-0188ce4c51a6  |i 27022e3d-5afa-3b98-b944-6c5359236b8f  |t 0 
952 f f |p normal  |a Texas A&M University  |b College Station  |c Sterling C. Evans Library  |d Evans: Library Stacks  |t 0  |e QC928 .B7313  |h Library of Congress classification  |i unmediated -- volume  |m A14804662330 
998 f f |a QC928 .B7313  |t 0  |l Evans: Library Stacks